<?xml version="1.0" encoding="UTF-8"?>
<record
    xmlns:xsi="http://www.w3.org/2001/XMLSchema-instance"
    xsi:schemaLocation="http://www.loc.gov/MARC21/slim http://www.loc.gov/standards/marcxml/schema/MARC21slim.xsd"
    xmlns="http://www.loc.gov/MARC21/slim">

  <leader>00794nam a22001577a 4500</leader>
  <controlfield tag="003">OSt</controlfield>
  <controlfield tag="005">20151112141138.0</controlfield>
  <controlfield tag="008">151112b        xxu||||| |||| 00| 0 eng d</controlfield>
  <datafield tag="040" ind1=" " ind2=" ">
    <subfield code="c">RUA</subfield>
  </datafield>
  <datafield tag="082" ind1=" " ind2=" ">
    <subfield code="a">FOR PIN 2007 B134 Or.1</subfield>
  </datafield>
  <datafield tag="100" ind1=" " ind2=" ">
    <subfield code="9">3604</subfield>
    <subfield code="a">PIN, CHANTTANAK.</subfield>
  </datafield>
  <datafield tag="245" ind1=" " ind2=" ">
    <subfield code="a">Flora inventory in school forest of royal university of agriculture in sandann district kampong thom province, &#x1780;&#x17B6;&#x179A;&#x1792;&#x17D2;&#x179C;&#x17BE;&#x179F;&#x17B6;&#x179A;&#x1796;&#x17BE;&#x1797;&#x178E;&#x17D2;&#x178C;&#x179A;&#x17BB;&#x1780;&#x17D2;&#x1781;&#x1787;&#x17B6;&#x178F;&#x17B7;&#x1796;&#x17D2;&#x179A;&#x17C3;&#x1788;&#x17BE;&#x1793;&#x17C5;&#x1780;&#x17D2;&#x1793;&#x17BB;&#x1784;&#x179F;&#x17B6;&#x179B;&#x17B6;&#x1796;&#x17D2;&#x179A;&#x17C3;&#x1788;&#x17BE;&#x179A;&#x1794;&#x179F;&#x17CB;&#x179F;&#x17B6;&#x1780;&#x179B;&#x179C;&#x17B7;&#x1791;&#x17D2;&#x1799;&#x17B6;&#x179B;&#x17D0;&#x1799;&#x1797;&#x17BC;&#x1798;&#x17B7;&#x1793;&#x17D2;&#x1791;&#x1780;&#x179F;&#x17B7;&#x1780;&#x1798;&#x17D2;&#x1798; &#x1793;&#x17C5;&#x179F;&#x17D2;&#x179A;&#x17BB;&#x1780;&#x179F;&#x178E;&#x17D2;&#x178A;&#x17B6;&#x1793;&#x17CB; &#x1781;&#x17C1;&#x178F;&#x17D2;&#x178F;&#x1780;&#x17C6;&#x1796;&#x1784;&#x17CB;&#x1792;&#x17C6;</subfield>
  </datafield>
  <datafield tag="260" ind1=" " ind2=" ">
    <subfield code="a">Phnom Penh</subfield>
    <subfield code="b">RUA</subfield>
    <subfield code="c">2007</subfield>
  </datafield>
  <datafield tag="300" ind1=" " ind2=" ">
    <subfield code="a">x; 58p.</subfield>
    <subfield code="b">ill.</subfield>
    <subfield code="c">29cm.</subfield>
  </datafield>
  <datafield tag="942" ind1=" " ind2=" ">
    <subfield code="2">ddc</subfield>
    <subfield code="c">FIS</subfield>
  </datafield>
  <datafield tag="999" ind1=" " ind2=" ">
    <subfield code="c">3355</subfield>
    <subfield code="d">3355</subfield>
  </datafield>
  <datafield tag="952" ind1=" " ind2=" ">
    <subfield code="0">0</subfield>
    <subfield code="1">0</subfield>
    <subfield code="2">ddc</subfield>
    <subfield code="4">0</subfield>
    <subfield code="6">FOR_PIN_2007_000000000000000_B134_OR_1</subfield>
    <subfield code="7">0</subfield>
    <subfield code="9">15749</subfield>
    <subfield code="a">LBB</subfield>
    <subfield code="b">LBB</subfield>
    <subfield code="c">B134</subfield>
    <subfield code="d">2015-11-12</subfield>
    <subfield code="l">1</subfield>
    <subfield code="o">FOR PIN 2007 B134 Or.1</subfield>
    <subfield code="p">RUA42103</subfield>
    <subfield code="r">2026-04-22</subfield>
    <subfield code="s">2026-03-10</subfield>
    <subfield code="w">2015-11-12</subfield>
    <subfield code="y">FOR</subfield>
  </datafield>
  <datafield tag="952" ind1=" " ind2=" ">
    <subfield code="0">0</subfield>
    <subfield code="1">0</subfield>
    <subfield code="2">ddc</subfield>
    <subfield code="4">0</subfield>
    <subfield code="6">FOR_PIN_2007_000000000000000_B134_OR_2</subfield>
    <subfield code="7">0</subfield>
    <subfield code="9">15750</subfield>
    <subfield code="a">LBB</subfield>
    <subfield code="b">LBB</subfield>
    <subfield code="c">B134</subfield>
    <subfield code="d">2015-11-12</subfield>
    <subfield code="o">FOR PIN 2007 B134 Or.2</subfield>
    <subfield code="p">RUA002247</subfield>
    <subfield code="r">2015-11-12</subfield>
    <subfield code="w">2015-11-12</subfield>
    <subfield code="y">FOR</subfield>
  </datafield>
  <datafield tag="952" ind1=" " ind2=" ">
    <subfield code="0">0</subfield>
    <subfield code="1">0</subfield>
    <subfield code="2">ddc</subfield>
    <subfield code="4">0</subfield>
    <subfield code="6">FOR_PIN_2007_000000000000000_B134_OR_3</subfield>
    <subfield code="7">0</subfield>
    <subfield code="9">15751</subfield>
    <subfield code="a">LBB</subfield>
    <subfield code="b">LBB</subfield>
    <subfield code="c">B134</subfield>
    <subfield code="d">2015-11-12</subfield>
    <subfield code="l">1</subfield>
    <subfield code="o">FOR PIN 2007 B134 Or.3</subfield>
    <subfield code="p">RUA41604</subfield>
    <subfield code="r">2021-02-01</subfield>
    <subfield code="s">2021-01-25</subfield>
    <subfield code="w">2015-11-12</subfield>
    <subfield code="y">FOR</subfield>
  </datafield>
  <datafield tag="952" ind1=" " ind2=" ">
    <subfield code="0">0</subfield>
    <subfield code="1">0</subfield>
    <subfield code="2">ddc</subfield>
    <subfield code="4">0</subfield>
    <subfield code="6">FOR_PIN_2007_000000000000000_B134_OR_4</subfield>
    <subfield code="7">0</subfield>
    <subfield code="9">15752</subfield>
    <subfield code="a">LBB</subfield>
    <subfield code="b">LBB</subfield>
    <subfield code="c">B134</subfield>
    <subfield code="d">2015-11-12</subfield>
    <subfield code="l">2</subfield>
    <subfield code="m">1</subfield>
    <subfield code="o">FOR PIN 2007 B134 Or.4</subfield>
    <subfield code="p">RUA41825</subfield>
    <subfield code="r">2021-12-10</subfield>
    <subfield code="s">2021-11-29</subfield>
    <subfield code="w">2015-11-12</subfield>
    <subfield code="y">FOR</subfield>
  </datafield>
  <datafield tag="952" ind1=" " ind2=" ">
    <subfield code="0">0</subfield>
    <subfield code="1">0</subfield>
    <subfield code="2">ddc</subfield>
    <subfield code="4">0</subfield>
    <subfield code="6">FOR_PIN_2007_000000000000000_B134_OR_5</subfield>
    <subfield code="7">0</subfield>
    <subfield code="9">15753</subfield>
    <subfield code="a">LBB</subfield>
    <subfield code="b">LBB</subfield>
    <subfield code="c">B134</subfield>
    <subfield code="d">2015-11-12</subfield>
    <subfield code="l">1</subfield>
    <subfield code="m">1</subfield>
    <subfield code="o">FOR PIN 2007 B134 Or.5</subfield>
    <subfield code="p">RUA41781</subfield>
    <subfield code="r">2016-07-12</subfield>
    <subfield code="s">2016-06-14</subfield>
    <subfield code="w">2015-11-12</subfield>
    <subfield code="y">FOR</subfield>
  </datafield>
  <datafield tag="952" ind1=" " ind2=" ">
    <subfield code="0">0</subfield>
    <subfield code="1">0</subfield>
    <subfield code="2">ddc</subfield>
    <subfield code="4">0</subfield>
    <subfield code="6">FOR_PIN_2007_000000000000000_B134_OR_6</subfield>
    <subfield code="7">0</subfield>
    <subfield code="9">15754</subfield>
    <subfield code="a">LBB</subfield>
    <subfield code="b">LBB</subfield>
    <subfield code="c">B134</subfield>
    <subfield code="d">2015-11-12</subfield>
    <subfield code="o">FOR PIN 2007 B134 Or.6</subfield>
    <subfield code="p">RUA41768</subfield>
    <subfield code="r">2015-11-12</subfield>
    <subfield code="w">2015-11-12</subfield>
    <subfield code="y">FOR</subfield>
  </datafield>
</record>
